Financing enterprise development and export diversification in sub-saharan Africa

Na minha lista:
Detalhes bibliográficos
Autor principal: Nissanke, Machiko K.
Formato: Livro
Idioma:inglês
Publicado em: Geneva United Nations/United Nations Conference on Trade and Development 1998
Colecção:African development in a comparative perspective Study No. 8
Assuntos:
Tags: Adicionar Tag
Sem tags, seja o primeiro a adicionar uma tag!

MARC

LEADER 00000nam a2200000 4500
001 c124713
005 20221221082348.4
041 0 |a eng 
044 |a CH 
245 1 0 |a Financing enterprise development and export diversification in sub-saharan Africa  |c Machiko K. Nissanke 
264 1 |a Geneva  |b United Nations/United Nations Conference on Trade and Development  |c 1998 
300 |a 64 s. 
490 1 |a African development in a comparative perspective  |v Study No. 8 
830 0 |a African development in a comparative perspective  |v Study No. 8 
610 2 0 |a politika finančná 
610 2 0 |a financie 
610 2 0 |a trh 
610 2 0 |a rozvoj hospodársky 
610 2 0 |a diverzifikácia 
610 2 0 |a vývoz 
610 2 0 |a financovanie podnikov 
610 2 0 |a podnik 
610 2 0 |a podnikanie malé 
610 2 0 |a integrácia 
610 2 0 |a dohody 
610 2 0 |a Afrika 
610 2 0 |a OSN 
100 1 |a Nissanke, Machiko K.